000 00422cam a2200181ua 4500
020 _c16.00
041 _aeng
_h
082 _a954.83
_bNAM/KU
100 _aNambiar, O K .
245 _aKunjalis /
_cO K Nambiar.
_hTextual Documents
250 _a2 /
_b.
260 _aMumbai :
_bAsia Publishing House ,
_c1963.
300 _a155 ; .
365 _a16.00
504 _a
942 _cBK
999 _c10014
_d10014